Easter quiz - Statistics

General Stats
  • This quiz has been taken 42 times
  • The average score is 8 of 12
Answer Stats
Picture Answer % Correct
Chocolate
97%
Basket
94%
Chick
94%
Eggs
94%
Rabbit
82%
Tulip
79%
Daffodil
76%
Hot cross bun
65%
Lily
59%
Creme egg
56%
Hyacinth
21%
Painted eggs
12%
No matching quizzes found
Score Distribution
Percent of People with Each Score
Percentile by Number Answered
Your Score History
You have not taken this quiz